000 00381nam a2200145Ia 4500
008 240126s9999 xx 000 0 und d
041 _aEnglish
082 _aPRME90-192
100 _aDilipkumar P Sathish A V S Ravikumar P M Purvant G I
245 0 _aCatalytic convertor
_bBhat A K
260 _bGIT, Belgaum
440 _aNULL
650 _aConvertor,catalytic
942 _cPR
999 _c255698
_d255698